000 00844cam a2200301 4500
008 090401t1995 xxu||||| |||| 00| 0 eng d
020 _a0854067167
035 _a(Sirsi) u63000
041 _aeng
050 _a711.14
090 _aRICS 1995/81 ABCD
110 _aRoyal Institution of Chartered Surveyors
_94900
245 _aCompensation for compulsory acquisition.
260 _aLondon
_bRICS
_c1995
300 _a43p. ; 30cm.
350 _a5
650 _aBLIGHT NOTICES
650 _aCOMPENSATION
650 _aCOMPULSORY ACQUISITION
650 _aCompulsory purchase
_96228
650 _aDISTURBANCE
650 _aPIPELINES
650 _aREFORM
650 _aSEWERS
690 _aENVIRONMENTAL AND LAND CONSULTANCY-PLANNING AND DEVELOPMENT-COMPULSORY PURCHASE AND COMPENSATION
942 _n0
948 _c04/03/1997
999 _c94498
_d94498